Elementos de computación administrativa; parte ii /

Guardado en:
Autor Principal: Landriscini, J. C.
Formato: Libro
Publicado: Argentina : s.e., 0
Etiquetas: Agregar Etiqueta
Sin Etiquetas, Sea el primero en etiquetar este registro!
LEADER 00812nam a22001575a 4500
001 CEM.cems003710
005 19000101000000.0
008 130507b######################000#0#####d
003 CEMS
082 0 4 |a 001.64 
100 1 |a Landriscini, J. C. 
245 1 0 |a Elementos de computación administrativa; parte ii / 
260 |a Argentina :  |b s.e., 0 
300 |a 80 p. 
505 0 |a Funcionamiento; estructura de la informacion digital; los circuitos logicos; operadores aritmeticos y logicos; la ruta de datos; el secuenciamiento de las instrucciones; los intercambios de informacion con el exterior; maquinas de pilas; dispositivos para la gestion de la multiprogramacion; el paralelismoen los grandes monoprocesadores; multiprocesadores y maquinas paralelas. 
859 |a CEMS  |b BIB. CEMS - 11 de abril  |h 001.64  |i L238/II  |p 54.99  |t Ej.1